[Event "Greek Team Championship"]
[Site "chess24.com"]
[Date "2017.07.07"]
[Round "6"]
[White "Triantopoulou, Afroditi"]
[Black "Balaska, Eleni Sofia"]
[Result "0-1"]
[Board "6"]
[WhiteElo "1113"]
[WhiteCountry "GRE"]
[WhiteFideId "4270290"]
[WhiteEloChange "-3"]
[BlackElo "1412"]
[BlackCountry "GRE"]
[BlackFideId "4255704"]
[BlackEloChange "3"]

1. e4 {[%clk 1:30:57]} c5 {[%clk 1:30:54]} 2. Nc3 {[%clk 1:31:18]} d6 {[%clk
1:31:12]} 3. g3 {[%clk 1:31:00]} g6 {[%clk 1:31:18]} 4. Bg2 {[%clk 1:31:01]} Bg7
{[%clk 1:31:32]} 5. d3 {[%clk 1:30:58]} e6 {[%clk 1:31:29]} 6. f4 {[%clk
1:30:44]} Ne7 {[%clk 1:31:16]} 7. Nf3 {[%clk 1:29:58]} O-O {[%clk 1:30:33]} 8.
O-O {[%clk 1:29:35]} Nbc6 {[%clk 1:29:14]} 9. Be3 {[%clk 1:28:48]} b6 {[%clk
1:28:42]} 10. Bf2 {[%clk 1:21:12]} Bb7 {[%clk 1:27:46]} 11. Re1 {[%clk 1:21:12]}
a6 {[%clk 1:27:46]} 12. a3 {[%clk 1:21:12]} Nd4 {[%clk 1:01:57]} 13. Nxd4 {[%clk
0:56:55]} cxd4 {[%clk 1:01:16]} 14. Ne2 {[%clk 0:55:02]} e5 {[%clk 0:57:21]} 15.
fxe5 {[%clk 0:50:52]} dxe5 {[%clk 0:57:42]} 16. c3 {[%clk 0:47:25]} dxc3 {[%clk
0:51:41]} 17. Nxc3 {[%clk 0:47:01]} Nc6 {[%clk 0:50:55]} 18. Rc1 {[%clk 0:40:19]}
Nd4 {[%clk 0:48:05]} 19. Ne2 {[%clk 0:37:38]} Ne6 {[%clk 0:42:50]} 20. Nc3 {[%clk
0:29:56]} Qd6 {[%clk 0:35:04]} 21. Nd5 {[%clk 0:23:39]} b5 {[%clk 0:23:13]} 22.
Qb3 {[%clk 0:12:21]} Nd4 {[%clk 0:22:26]} 23. Bxd4 {[%clk 0:11:04]} exd4 {[%clk
0:19:19]} 24. a4 {[%clk 0:10:16]} Bh6 {[%clk 0:16:39]} 25. Rc2 {[%clk 0:08:21]}
Bxd5 {[%clk 0:16:04]} 26. exd5 {[%clk 0:08:02]} Be3+ {[%clk 0:16:01]} 27. Kh1
{[%clk 0:06:59]} bxa4 {[%clk 0:13:42]} 28. Qxa4 {[%clk 0:06:21]} Qb6 {[%clk
0:11:43]} 29. Qc6 {[%clk 0:04:53]} Rab8 {[%clk 0:11:21]} 30. Qxb6 {[%clk
0:04:40]} Rxb6 {[%clk 0:11:44]} 31. Bf3 {[%clk 0:03:35]} Rfb8 {[%clk 0:06:42]}
32. Ra1 {[%clk 0:02:34]} Rxb2 {[%clk 0:05:09]} 33. Rxb2 {[%clk 0:02:40]} Rxb2
{[%clk 0:05:33]} 34. Rxa6 {[%clk 0:02:54]} Rb3 {[%clk 0:05:09]} 35. d6 {[%clk
0:02:01]} Rxd3 {[%clk 0:02:00]} 36. d7 {[%clk 0:01:52]} Bg5 {[%clk 0:02:20]} 37.
Ra8+ {[%clk 0:01:57]} Kg7 {[%clk 0:02:44]} 38. d8Q {[%clk 0:01:57]} Bxd8 {[%clk
0:03:01]} 39. Rxd8 {[%clk 0:02:15]} Rxf3 {[%clk 0:03:22]} 40. Rxd4 {[%clk
0:32:25]} Rf2 {[%clk 0:32:37]} 41. Kg1 {[%clk 0:31:54]} Rb2 {[%clk 0:32:40]} 42.
Rf4 {[%clk 0:29:40]} h6 {[%clk 0:31:46]} 43. Rf2 {[%clk 0:27:37]} Rxf2 {[%clk
0:29:58]} 44. Kxf2 {[%clk 0:28:02]} Kf6 {[%clk 0:30:20]} 45. Kf3 {[%clk 0:27:46]}
Kf5 {[%clk 0:26:32]} 46. g4+ {[%clk 0:26:18]} Kg5 {[%clk 0:24:38]} 47. Kg3 {[%clk
0:26:10]} f5 {[%clk 0:22:54]} 48. h3 {[%clk 0:25:33]} f4+ {[%clk 0:06:20]} 49.
Kf3 {[%clk 0:25:51]} Kh4 {[%clk 0:04:38]} 50. Kxf4 {[%clk 0:26:10]} Kxh3 {[%clk
0:05:01]} 51. g5 {[%clk 0:23:29]} h5 {[%clk 0:04:15]} 52. Kf3 {[%clk 0:19:34]} h4
{[%clk 0:03:58]} 53. Kf4 {[%clk 0:18:21]} Kg2 {[%clk 0:04:14]} 54. Kg4 {[%clk
0:18:12]} h3 {[%clk 0:04:36]} 0-1

[Event "Greek Team Championship"]
[Site "chess24.com"]
[Date "2017.07.07"]
[Round "6"]
[White "Ntala, Konstantina"]
[Black "Tagkalaki, Ioanna Lambrini"]
[Result "1-0"]
[Board "7"]
[WhiteElo "1069"]
[WhiteCountry "GRE"]
[WhiteFideId "25836234"]
[WhiteEloChange "12"]
[BlackElo "1138"]
[BlackCountry "GRE"]
[BlackFideId "25852990"]
[BlackEloChange "-12"]

1. e4 {[%clk 1:30:58]} e5 {[%clk 1:30:54]} 2. Nf3 {[%clk 1:31:24]} Nc6 {[%clk
1:31:18]} 3. Nc3 {[%clk 1:31:51]} Bc5 {[%clk 1:30:32]} 4. Bc4 {[%clk 1:31:34]}
Nf6 {[%clk 1:29:33]} 5. d3 {[%clk 1:31:49]} d6 {[%clk 1:23:33]} 6. h3 {[%clk
1:13:30]} Be6 {[%clk 1:07:16]} 7. Bxe6 {[%clk 1:13:30]} fxe6 {[%clk 1:07:16]} 8.
O-O {[%clk 1:13:30]} Qd7 {[%clk 1:07:16]} 9. Re1 {[%clk 1:13:30]} O-O-O {[%clk
1:07:16]} 10. Be3 {[%clk 1:05:36]} Bd4 {[%clk 1:07:16]} 11. Bxd4 {[%clk 1:04:35]}
exd4 {[%clk 1:07:03]} 12. Ne2 {[%clk 1:04:39]} e5 {[%clk 1:06:31]} 13. c3 {[%clk
1:04:48]} dxc3 {[%clk 1:05:58]} 14. Nxc3 {[%clk 1:04:26]} Rhf8 {[%clk 1:02:33]}
15. d4 {[%clk 1:00:23]} exd4 {[%clk 1:00:34]} 16. Nxd4 {[%clk 1:00:43]} Ne5
{[%clk 0:59:13]} 17. Nf3 {[%clk 0:48:44]} Ng6 {[%clk 0:57:03]} 18. e5 {[%clk
0:27:45]} dxe5 {[%clk 0:48:43]} 19. Nxe5 {[%clk 0:28:07]} Qf5 {[%clk 0:46:47]}
20. Qf3 {[%clk 0:21:05]} Qxf3 {[%clk 0:42:20]} 21. Nxf3 {[%clk 0:21:29]} Nd7
{[%clk 0:38:50]} 22. Rac1 {[%clk 0:21:18]} Nc5 {[%clk 0:38:45]} 23. Nb5 {[%clk
0:19:54]} Nd3 {[%clk 0:37:31]} 24. Rxc7+ {[%clk 0:19:55]} Kb8 {[%clk 0:37:42]}
25. Ree7 {[%clk 0:04:05]} Nxe7 {[%clk 0:37:54]} 26. Rxe7 {[%clk 0:04:29]} Nxb2
{[%clk 0:37:08]} 27. Rxg7 {[%clk 0:04:09]} a6 {[%clk 0:37:14]} 28. Nbd4 {[%clk
0:04:26]} Nd3 {[%clk 0:36:40]} 29. Ne6 {[%clk 0:04:07]} Rde8 {[%clk 0:36:32]} 30.
Nxf8 {[%clk 0:04:30]} Rxf8 {[%clk 0:36:44]} 31. Rxh7 {[%clk 0:04:52]} Re8 {[%clk
0:35:46]} 32. Kf1 {[%clk 0:04:57]} Ka7 {[%clk 0:35:55]} 33. h4 {[%clk 0:05:07]}
Nf4 {[%clk 0:36:08]} 34. h5 {[%clk 0:04:59]} Kb6 {[%clk 0:35:40]} 35. Rh6+ {[%clk
0:04:23]} Kc5 {[%clk 0:35:17]} 36. Rf6 {[%clk 0:04:08]} Nd5 {[%clk 0:34:51]} 37.
Rf5 {[%clk 0:03:56]} Kc4 {[%clk 0:34:56]} 38. Nd2+ {[%clk 0:03:57]} Kd4 {[%clk
0:35:00]} 39. Nb3+ {[%clk 0:03:39]} Kc4 {[%clk 0:34:46]} 40. Nd2+ {[%clk
0:33:47]} Kd4 {[%clk 1:04:56]} 41. h6 {[%clk 0:32:56]} Nc3 {[%clk 1:04:50]} 42.
Nf3+ {[%clk 0:32:51]} Kd3 {[%clk 1:04:52]} 43. h7 {[%clk 0:32:12]} Kc2 {[%clk
1:05:06]} 44. Rh5 {[%clk 0:31:36]} Rh8 {[%clk 1:05:20]} 45. Ne5 {[%clk 0:31:39]}
1-0

[Event "Greek Team Championship"]
[Site "chess24.com"]
[Date "2017.07.07"]
[Round "6"]
[White "Antonopoulos, Panagiotis"]
[Black "Kalogridakis, Theodoros"]
[Result "0-1"]
[Board "8"]
[WhiteElo "1335"]
[WhiteCountry "GRE"]
[WhiteFideId "4288980"]
[WhiteEloChange "-2"]
[BlackElo "2069"]
[BlackCountry "GRE"]
[BlackFideId "4249674"]
[BlackEloChange "2"]

1. e4 {[%clk 1:30:56]} c5 {[%clk 1:28:19]} 2. Nc3 {[%clk 1:31:16]} e6 {[%clk
1:26:54]} 3. d3 {[%clk 1:29:09]} d5 {[%clk 1:27:16]} 4. Nf3 {[%clk 1:26:16]} Nf6
{[%clk 1:22:55]} 5. exd5 {[%clk 1:22:22]} exd5 {[%clk 1:23:07]} 6. g3 {[%clk
1:21:11]} Be7 {[%clk 1:20:27]} 7. Bg2 {[%clk 1:21:34]} O-O {[%clk 1:20:50]} 8.
O-O {[%clk 1:21:59]} Nc6 {[%clk 1:20:00]} 9. Ne2 {[%clk 1:21:16]} Bf5 {[%clk
1:18:37]} 10. d4 {[%clk 1:17:13]} c4 {[%clk 1:08:32]} 11. c3 {[%clk 1:17:13]} b5
{[%clk 1:08:32]} 12. Bf4 {[%clk 1:17:13]} b4 {[%clk 1:08:32]} 13. Re1 {[%clk
1:17:13]} h6 {[%clk 1:08:32]} 14. Be3 {[%clk 1:09:31]} Qb6 {[%clk 1:08:32]} 15.
Nd2 {[%clk 1:02:50]} Rfd8 {[%clk 1:08:25]} 16. Nf4 {[%clk 1:01:43]} a5 {[%clk
1:04:02]} 17. a3 {[%clk 0:59:26]} bxc3 {[%clk 1:03:44]} 18. bxc3 {[%clk 0:59:28]}
a4 {[%clk 1:04:10]} 19. Bh3 {[%clk 0:57:28]} Bh7 {[%clk 1:04:01]} 20. Nh5 {[%clk
0:55:23]} Nxh5 {[%clk 1:04:01]} 21. Qxh5 {[%clk 0:55:44]} Qb2 {[%clk 1:04:02]}
22. Rec1 {[%clk 0:52:42]} Bxa3 {[%clk 1:03:23]} 23. Bg2 {[%clk 0:47:39]} Ne7
{[%clk 0:55:41]} 24. Nxc4 {[%clk 0:44:16]} dxc4 {[%clk 0:55:55]} 25. Bxa8 {[%clk
0:44:26]} Rxa8 {[%clk 0:56:19]} 26. Qg4 {[%clk 0:34:53]} Bg6 {[%clk 0:52:01]} 27.
Bf4 {[%clk 0:23:50]} Nd5 {[%clk 0:49:24]} 28. Qf3 {[%clk 0:18:40]} Rd8 {[%clk
0:49:49]} 29. Re1 {[%clk 0:10:10]} Qb3 {[%clk 0:49:13]} 30. Bc1 {[%clk 0:08:46]}
Bf8 {[%clk 0:47:51]} 31. Bd2 {[%clk 0:07:20]} a3 {[%clk 0:48:01]} 32. Qd1 {[%clk
0:06:39]} a2 {[%clk 0:48:00]} 33. Qxb3 {[%clk 0:05:29]} cxb3 {[%clk 0:48:22]} 34.
Bc1 {[%clk 0:05:52]} Nxc3 {[%clk 0:48:41]} 35. Bb2 {[%clk 0:06:06]} Na4 {[%clk
0:49:07]} 36. Re2 {[%clk 0:04:20]} Bc2 {[%clk 0:48:57]} 37. Bc1 {[%clk 0:04:34]}
Rxd4 {[%clk 0:48:48]} 38. Re8 {[%clk 0:03:22]} Rd1+ {[%clk 0:48:46]} 39. Kg2
{[%clk 0:03:45]} Rxc1 {[%clk 0:48:11]} 0-1

[Event "Greek Team Championship"]
[Site "chess24.com"]
[Date "2017.07.07"]
[Round "6"]
[White "Deligiannis, Christos Nikolaos"]
[Black "Kormas, Georgios"]
[Result "1/2-1/2"]
[Board "9"]
[WhiteElo "1650"]
[WhiteCountry "GRE"]
[WhiteFideId "25820249"]
[BlackElo "1647"]
[BlackCountry "GRE"]
[BlackFideId "4289056"]

1. e4 {[%clk 1:30:56]} c5 {[%clk 1:30:50]} 2. Nf3 {[%clk 1:31:23]} d6 {[%clk
1:31:11]} 3. d4 {[%clk 1:31:50]} cxd4 {[%clk 1:31:35]} 4. Nxd4 {[%clk 1:32:17]}
Nf6 {[%clk 1:31:55]} 5. Nc3 {[%clk 1:32:42]} g6 {[%clk 1:32:06]} 6. Be3 {[%clk
1:33:09]} Bg7 {[%clk 1:32:28]} 7. f3 {[%clk 1:33:36]} O-O {[%clk 1:32:47]} 8. Qd2
{[%clk 1:34:05]} Nc6 {[%clk 1:33:02]} 9. O-O-O {[%clk 1:34:28]} Nxd4 {[%clk
1:32:40]} 10. Bxd4 {[%clk 1:34:51]} Be6 {[%clk 1:33:01]} 11. g4 {[%clk 1:33:01]}
Qa5 {[%clk 1:29:32]} 12. Kb1 {[%clk 1:33:25]} Rfc8 {[%clk 1:29:16]} 13. Nd5
{[%clk 1:28:58]} Qxd2 {[%clk 1:29:19]} 14. Nxf6+ {[%clk 1:02:20]} Bxf6 {[%clk
1:29:19]} 15. Rxd2 {[%clk 1:02:20]} Bxd4 {[%clk 1:29:19]} 16. Rxd4 {[%clk
1:02:20]} Rc5 {[%clk 1:29:19]} 17. Be2 {[%clk 1:02:20]} Rac8 {[%clk 1:17:49]} 18.
c3 {[%clk 1:02:43]} Kg7 {[%clk 1:11:13]} 19. Kc2 {[%clk 0:44:38]} a5 {[%clk
0:46:26]} 20. a3 {[%clk 0:39:51]} g5 {[%clk 0:33:08]} 21. h4 {[%clk 0:32:14]} h6
{[%clk 0:31:18]} 22. hxg5 {[%clk 0:28:39]} hxg5 {[%clk 0:31:32]} 23. Rh5 {[%clk
0:25:03]} f6 {[%clk 0:28:58]} 24. Rd1 {[%clk 0:21:34]} Bf7 {[%clk 0:28:01]} 25.
Rh2 {[%clk 0:20:41]} b5 {[%clk 0:22:36]} 26. Rd4 {[%clk 0:17:13]} Rb8 {[%clk
0:16:04]} 27. Kd2 {[%clk 0:14:03]} Rbc8 {[%clk 0:13:11]} 28. Rh1 {[%clk 0:12:49]}
Bg6 {[%clk 0:09:45]} 29. Ke3 {[%clk 0:11:24]} Rd8 {[%clk 0:09:00]} 30. Rd5 {[%clk
0:09:36]} Bf7 {[%clk 0:08:02]} 31. Rxc5 {[%clk 0:09:34]} dxc5 {[%clk 0:08:26]}
32. Bxb5 {[%clk 0:08:53]} Rb8 {[%clk 0:07:41]} 33. a4 {[%clk 0:06:09]} Rd8 {[%clk
0:04:56]} 34. Re1 {[%clk 0:04:10]} Bb3 {[%clk 0:01:51]} 35. Re2 {[%clk 0:02:18]}
e5 {[%clk 0:01:00]} 36. Rd2 {[%clk 0:01:41]} Rxd2 {[%clk 0:01:10]} 37. Kxd2
{[%clk 0:02:09]} c4 {[%clk 0:01:22]} 38. Ke3 {[%clk 0:01:11]} Kf7 {[%clk
0:01:26]} 39. Ba6 {[%clk 0:31:08]} Ke7 {[%clk 0:31:34]} 40. Bb5 {[%clk 0:59:05]}
1/2-1/2

[Event "Greek Team Championship"]
[Site "chess24.com"]
[Date "2017.07.08"]
[Round "7"]
[White "Papaioannou, Ioannis"]
[Black "Mista, Aleksander"]
[Result "1-0"]
[Board "1"]
[WhiteElo "2636"]
[WhiteTitle "GM"]
[WhiteCountry "GRE"]
[WhiteFideId "4201345"]
[WhiteEloChange "5"]
[BlackElo "2605"]
[BlackTitle "GM"]
[BlackCountry "POL"]
[BlackFideId "1110381"]
[BlackEloChange "-5"]

1. d4 {[%clk 1:18:02]} Nf6 {[%clk 1:30:56]} 2. Nf3 {[%clk 1:18:25]} d5 {[%clk
1:31:10]} 3. c4 {[%clk 1:18:46]} e6 {[%clk 1:31:12]} 4. g3 {[%clk 1:19:03]} g6
{[%clk 1:31:27]} 5. Bg2 {[%clk 1:18:17]} Bg7 {[%clk 1:31:54]} 6. O-O {[%clk
1:18:41]} O-O {[%clk 1:32:20]} 7. Nc3 {[%clk 1:17:10]} Nbd7 {[%clk 1:32:39]} 8.
Qb3 {[%clk 1:16:31]} c6 {[%clk 1:32:06]} 9. Bf4 {[%clk 1:13:48]} Re8 {[%clk
1:31:03]} 10. Rfd1 {[%clk 1:10:51]} Nh5 {[%clk 1:28:09]} 11. Bg5 {[%clk 1:09:12]}
Nhf6 {[%clk 1:13:18]} 12. e4 {[%clk 1:07:18]} h6 {[%clk 1:04:24]} 13. Bxf6 {[%clk
1:07:27]} Nxf6 {[%clk 1:04:51]} 14. e5 {[%clk 1:07:27]} Nd7 {[%clk 1:04:56]} 15.
Rac1 {[%clk 1:05:03]} Nf8 {[%clk 0:54:24]} 16. h4 {[%clk 1:04:00]} b6 {[%clk
0:53:47]} 17. Bf1 {[%clk 0:54:34]} Qe7 {[%clk 0:50:07]} 18. Ne2 {[%clk 0:52:10]}
Bb7 {[%clk 0:49:02]} 19. Nf4 {[%clk 0:51:41]} Rac8 {[%clk 0:43:53]} 20. Qe3
{[%clk 0:47:19]} dxc4 {[%clk 0:27:55]} 21. Bxc4 {[%clk 0:46:59]} c5 {[%clk
0:27:08]} 22. d5 {[%clk 0:44:55]} exd5 {[%clk 0:27:32]} 23. Nxd5 {[%clk 0:44:46]}
Bxd5 {[%clk 0:27:42]} 24. Rxd5 {[%clk 0:45:00]} Rcd8 {[%clk 0:26:02]} 25. Rcd1
{[%clk 0:44:44]} Rxd5 {[%clk 0:26:25]} 26. Rxd5 {[%clk 0:44:59]} Rd8 {[%clk
0:23:06]} 27. Rxd8 {[%clk 0:39:32]} Qxd8 {[%clk 0:23:30]} 28. Qe4 {[%clk
0:39:34]} Qe7 {[%clk 0:19:28]} 29. a4 {[%clk 0:38:19]} Ne6 {[%clk 0:16:15]} 30.
Qc6 {[%clk 0:37:32]} Nf8 {[%clk 0:15:10]} 31. Qd5 {[%clk 0:36:58]} Ne6 {[%clk
0:12:10]} 32. b3 {[%clk 0:36:11]} Qd8 {[%clk 0:09:44]} 33. Qc6 {[%clk 0:36:05]}
Qc7 {[%clk 0:06:57]} 34. Qe8+ {[%clk 0:35:40]} Nf8 {[%clk 0:07:23]} 35. Bd5
{[%clk 0:30:47]} a6 {[%clk 0:06:59]} 36. e6 {[%clk 0:30:38]} fxe6 {[%clk
0:07:05]} 37. Bxe6+ {[%clk 0:31:05]} Kh8 {[%clk 0:05:41]} 38. Bc4 {[%clk
0:31:24]} Qd7 {[%clk 0:05:16]} 39. Qe2 {[%clk 0:30:48]} a5 {[%clk 0:05:25]} 40.
Qe4 {[%clk 1:01:11]} Bf6 {[%clk 0:33:17]} 41. Ne5 {[%clk 0:59:41]} Qg7 {[%clk
0:19:52]} 42. Nf7+ {[%clk 0:59:02]} Kh7 {[%clk 0:18:56]} 43. Qd5 {[%clk 0:58:14]}
Bd4 {[%clk 0:17:25]} 44. Nd6 {[%clk 0:58:36]} Nd7 {[%clk 0:16:19]} 45. h5 {[%clk
0:55:07]} Ne5 {[%clk 0:13:17]} 46. hxg6+ {[%clk 0:53:38]} Qxg6 {[%clk 0:13:26]}
47. Kg2 {[%clk 0:53:10]} h5 {[%clk 0:11:14]} 48. Qb7+ {[%clk 0:51:14]} Qg7 {[%clk
0:09:54]} 49. Qe4+ {[%clk 0:50:49]} Qg6 {[%clk 0:09:05]} 50. Nf5 {[%clk 0:51:07]}
Qg4 {[%clk 0:05:51]} 51. Qb7+ {[%clk 0:50:42]} Kh8 {[%clk 0:04:56]} 52. Qb8+
{[%clk 0:50:54]} Kh7 {[%clk 0:05:22]} 53. Qc7+ {[%clk 0:51:20]} Kh8 {[%clk
0:05:43]} 54. Qd8+ {[%clk 0:51:38]} Kh7 {[%clk 0:06:09]} 55. Qe7+ {[%clk
0:52:00]} Kg6 {[%clk 0:06:28]} 56. Qe6+ {[%clk 0:52:25]} 1-0

[Event "Greek Team Championship"]
[Site "chess24.com"]
[Date "2017.07.08"]
[Round "7"]
[White "Postny, Evgeny"]
[Black "Sethuraman, S.P."]
[Result "1-0"]
[Board "2"]
[WhiteElo "2581"]
[WhiteTitle "GM"]
[WhiteCountry "ISR"]
[WhiteFideId "2804344"]
[WhiteEloChange "6"]
[BlackElo "2625"]
[BlackTitle "GM"]
[BlackCountry "IND"]
[BlackFideId "5021596"]
[BlackEloChange "-6"]

1. d4 {[%clk 1:30:57]} Nf6 {[%clk 1:30:42]} 2. c4 {[%clk 1:31:20]} d6 {[%clk
1:31:02]} 3. Nf3 {[%clk 1:30:59]} g6 {[%clk 1:31:25]} 4. Nc3 {[%clk 1:31:18]} Bg7
{[%clk 1:31:51]} 5. e4 {[%clk 1:31:42]} O-O {[%clk 1:32:15]} 6. Be2 {[%clk
1:32:02]} Na6 {[%clk 1:32:36]} 7. O-O {[%clk 1:31:04]} e5 {[%clk 1:33:00]} 8. Re1
{[%clk 1:29:51]} Qe8 {[%clk 1:33:02]} 9. Bf1 {[%clk 1:27:41]} Bg4 {[%clk
1:33:25]} 10. d5 {[%clk 1:25:50]} Nb4 {[%clk 1:33:17]} 11. Be2 {[%clk 1:25:33]}
a5 {[%clk 1:32:55]} 12. Be3 {[%clk 1:22:38]} Na6 {[%clk 1:30:18]} 13. Nd2 {[%clk
1:21:41]} Bd7 {[%clk 1:29:00]} 14. b3 {[%clk 1:15:06]} Kh8 {[%clk 1:23:23]} 15.
a3 {[%clk 1:10:03]} b6 {[%clk 1:22:38]} 16. Rb1 {[%clk 1:06:46]} Ng8 {[%clk
1:10:21]} 17. b4 {[%clk 0:59:59]} Bh6 {[%clk 0:50:00]} 18. Bxh6 {[%clk 0:56:47]}
Nxh6 {[%clk 0:50:14]} 19. Qc1 {[%clk 0:57:09]} Kg7 {[%clk 0:31:53]} 20. Nd1
{[%clk 0:55:57]} axb4 {[%clk 0:17:47]} 21. axb4 {[%clk 0:55:59]} Qe7 {[%clk
0:17:55]} 22. Qc3 {[%clk 0:51:15]} Rfc8 {[%clk 0:07:44]} 23. Ne3 {[%clk 0:47:09]}
f5 {[%clk 0:02:24]} 24. c5 {[%clk 0:35:17]} f4 {[%clk 0:01:12]} 25. Nef1 {[%clk
0:34:51]} bxc5 {[%clk 0:01:26]} 26. Bxa6 {[%clk 0:35:17]} Rxa6 {[%clk 0:01:52]}
27. bxc5 {[%clk 0:35:43]} dxc5 {[%clk 0:01:14]} 28. Nb3 {[%clk 0:34:23]} c4
{[%clk 0:01:01]} 29. Qxc4 {[%clk 0:34:20]} Rb6 {[%clk 0:00:49]} 30. Nc5 {[%clk
0:30:59]} Nf7 {[%clk 0:01:16]} 31. Qc3 {[%clk 0:29:34]} g5 {[%clk 0:00:58]} 32.
Rec1 {[%clk 0:26:57]} Rxb1 {[%clk 0:00:48]} 33. Rxb1 {[%clk 0:27:25]} Kf6 {[%clk
0:00:39]} 34. Nd2 {[%clk 0:26:22]} Nd6 {[%clk 0:01:04]} 35. Nc4 {[%clk 0:19:29]}
Bb5 {[%clk 0:01:13]} 36. Na3 {[%clk 0:05:08]} Bd7 {[%clk 0:01:07]} 37. Nc4 {[%clk
0:03:35]} Bb5 {[%clk 0:01:34]} 38. Na3 {[%clk 0:03:58]} Bd7 {[%clk 0:01:36]} 39.
Nxd7+ {[%clk 0:04:16]} Qxd7 {[%clk 0:02:03]} 40. Nc4 {[%clk 0:34:37]} Re8 {[%clk
0:30:55]} 41. Nd2 {[%clk 0:30:28]} g4 {[%clk 0:28:58]} 42. Rc1 {[%clk 0:27:14]}
Ra8 {[%clk 0:20:18]} 43. g3 {[%clk 0:23:17]} f3 {[%clk 0:19:55]} 44. h3 {[%clk
0:22:58]} h5 {[%clk 0:16:56]} 45. Qe3 {[%clk 0:22:47]} Qg7 {[%clk 0:16:10]} 46.
h4 {[%clk 0:19:32]} Ra4 {[%clk 0:14:23]} 47. Rc6 {[%clk 0:19:03]} Rd4 {[%clk
0:08:41]} 48. Kh2 {[%clk 0:16:34]} Kg6 {[%clk 0:03:07]} 49. Qg5+ {[%clk 0:15:01]}
Kh7 {[%clk 0:03:33]} 50. Qxh5+ {[%clk 0:15:27]} Kg8 {[%clk 0:04:00]} 51. Ra6
{[%clk 0:15:00]} Qf8 {[%clk 0:03:38]} 52. Qxg4+ {[%clk 0:14:41]} Kh7 {[%clk
0:04:00]} 53. Nxf3 {[%clk 0:14:12]} Rd3 {[%clk 0:02:54]} 54. Ng5+ {[%clk
0:12:16]} Kh6 {[%clk 0:03:19]} 55. f3 {[%clk 0:08:27]} Qe8 {[%clk 0:02:53]} 56.
Qe6+ {[%clk 0:08:05]} Qxe6 {[%clk 0:03:07]} 57. dxe6 {[%clk 0:08:30]} Kg7 {[%clk
0:03:28]} 58. Rxd6 {[%clk 0:08:24]} Rxd6 {[%clk 0:03:33]} 59. e7 {[%clk 0:08:52]}
1-0

[Event "Greek Team Championship"]
[Site "chess24.com"]
[Date "2017.07.08"]
[Round "7"]
[White "Saric, Ivan"]
[Black "Stavrianakis, Ioannis"]
[Result "1-0"]
[Board "3"]
[WhiteElo "2616"]
[WhiteTitle "GM"]
[WhiteCountry "CRO"]
[WhiteFideId "14508150"]
[WhiteEloChange "1"]
[BlackElo "2267"]
[BlackTitle "FM"]
[BlackCountry "GRE"]
[BlackFideId "4208412"]
[BlackEloChange "-2"]

1. e4 {[%clk 1:30:57]} e6 {[%clk 1:30:52]} 2. d4 {[%clk 1:31:22]} d5 {[%clk
1:31:12]} 3. Nc3 {[%clk 1:31:49]} dxe4 {[%clk 1:30:50]} 4. Nxe4 {[%clk 1:32:15]}
Bd7 {[%clk 1:31:04]} 5. Nf3 {[%clk 1:32:39]} Bc6 {[%clk 1:31:30]} 6. Bd3 {[%clk
1:33:05]} Nd7 {[%clk 1:31:41]} 7. O-O {[%clk 1:31:58]} Be7 {[%clk 1:28:54]} 8.
Neg5 {[%clk 1:24:28]} Bxf3 {[%clk 1:29:05]} 9. Nxf3 {[%clk 1:24:53]} Ngf6 {[%clk
1:29:31]} 10. c4 {[%clk 1:20:29]} c6 {[%clk 1:28:32]} 11. b3 {[%clk 1:20:37]} O-O
{[%clk 1:28:55]} 12. Bb2 {[%clk 1:21:05]} Qa5 {[%clk 1:28:13]} 13. a3 {[%clk
1:21:10]} Rfd8 {[%clk 1:28:10]} 14. Qe2 {[%clk 1:20:35]} Nf8 {[%clk 1:22:49]} 15.
Rfe1 {[%clk 1:19:27]} Re8 {[%clk 1:17:32]} 16. g3 {[%clk 1:16:40]} Rad8 {[%clk
1:16:50]} 17. Rad1 {[%clk 1:16:38]} Qc7 {[%clk 1:11:50]} 18. Bc2 {[%clk 1:15:38]}
a5 {[%clk 1:03:25]} 19. Ne5 {[%clk 1:14:23]} N6d7 {[%clk 0:58:13]} 20. Ng4 {[%clk
1:12:17]} Nf6 {[%clk 0:52:57]} 21. Ne3 {[%clk 1:12:24]} N8d7 {[%clk 0:53:12]} 22.
h4 {[%clk 1:10:59]} Bd6 {[%clk 0:51:50]} 23. Qf3 {[%clk 1:10:34]} Bf8 {[%clk
0:46:00]} 24. g4 {[%clk 1:09:57]} g6 {[%clk 0:42:11]} 25. d5 {[%clk 1:10:11]} e5
{[%clk 0:42:24]} 26. g5 {[%clk 1:09:13]} Nh5 {[%clk 0:42:22]} 27. Ng4 {[%clk
1:09:24]} Bg7 {[%clk 0:38:48]} 28. Be4 {[%clk 1:06:01]} Nb8 {[%clk 0:34:07]} 29.
c5 {[%clk 1:02:20]} cxd5 {[%clk 0:31:29]} 30. Rxd5 {[%clk 1:02:40]} Nc6 {[%clk
0:30:29]} 31. Rxd8 {[%clk 1:01:34]} Nxd8 {[%clk 0:30:43]} 32. b4 {[%clk 1:00:03]}
axb4 {[%clk 0:30:15]} 33. axb4 {[%clk 1:00:29]} Nf4 {[%clk 0:28:25]} 34. Bxb7
{[%clk 0:57:07]} Qxb7 {[%clk 0:25:10]} 35. Qxf4 {[%clk 0:56:43]} Ne6 {[%clk
0:25:30]} 36. Qe4 {[%clk 0:49:36]} Nxc5 {[%clk 0:25:35]} 37. Qxb7 {[%clk
0:50:02]} Nxb7 {[%clk 0:25:55]} 38. Bxe5 {[%clk 0:50:13]} Nd6 {[%clk 0:23:25]}
39. Kf1 {[%clk 0:49:12]} Bxe5 {[%clk 0:23:42]} 40. Rxe5 {[%clk 1:19:22]} Rb8
{[%clk 0:53:58]} 41. Rd5 {[%clk 1:18:16]} Nf5 {[%clk 0:53:02]} 42. h5 {[%clk
1:16:12]} Kf8 {[%clk 0:52:54]} 43. Nf6 {[%clk 1:08:24]} Ke7 {[%clk 0:51:17]} 44.
Ra5 {[%clk 0:43:18]} Nd4 {[%clk 0:24:40]} 45. h6 {[%clk 0:41:40]} Nc6 {[%clk
0:24:24]} 46. Ra1 {[%clk 0:41:13]} Rb5 {[%clk 0:14:02]} 47. Nxh7 {[%clk 0:38:24]}
1-0

[Event "Greek Team Championship"]
[Site "chess24.com"]
[Date "2017.07.08"]
[Round "7"]
[White "Balokas, Dimitrios"]
[Black "Pavlidis, Antonios"]
[Result "0-1"]
[Board "4"]
[WhiteElo "2219"]
[WhiteCountry "GRE"]
[WhiteFideId "4216920"]
[WhiteEloChange "-3"]
[BlackElo "2540"]
[BlackTitle "GM"]
[BlackCountry "GRE"]
[BlackFideId "4212312"]
[BlackEloChange "1"]

1. d4 {[%clk 1:26:09]} Nf6 {[%clk 1:30:54]} 2. c4 {[%clk 1:26:32]} g6 {[%clk
1:31:20]} 3. Nc3 {[%clk 1:26:51]} Bg7 {[%clk 1:31:46]} 4. e4 {[%clk 1:27:00]} d6
{[%clk 1:32:12]} 5. Bd3 {[%clk 1:27:24]} O-O {[%clk 1:32:36]} 6. Nge2 {[%clk
1:27:51]} c6 {[%clk 1:33:02]} 7. O-O {[%clk 1:28:14]} a6 {[%clk 1:33:28]} 8. f4
{[%clk 1:28:10]} e5 {[%clk 1:33:48]} 9. Bc2 {[%clk 1:17:06]} Nbd7 {[%clk
1:24:03]} 10. Kh1 {[%clk 1:15:11]} b5 {[%clk 1:20:04]} 11. cxb5 {[%clk 1:08:42]}
axb5 {[%clk 1:19:52]} 12. d5 {[%clk 1:04:25]} cxd5 {[%clk 1:15:12]} 13. Nxd5
{[%clk 1:04:42]} Nxd5 {[%clk 1:14:56]} 14. Qxd5 {[%clk 1:03:45]} Nb6 {[%clk
1:15:20]} 15. Qd1 {[%clk 1:01:31]} exf4 {[%clk 1:13:09]} 16. Bxf4 {[%clk
0:58:38]} Bxb2 {[%clk 1:02:41]} 17. Rb1 {[%clk 0:55:03]} Bg7 {[%clk 0:52:18]} 18.
Bxd6 {[%clk 0:45:17]} Re8 {[%clk 0:51:49]} 19. Bb3 {[%clk 0:39:10]} Nc4 {[%clk
0:51:28]} 20. e5 {[%clk 0:34:46]} Bg4 {[%clk 0:44:56]} 21. Bxc4 {[%clk 0:29:32]}
bxc4 {[%clk 0:45:14]} 22. Rb7 {[%clk 0:27:40]} Bxe5 {[%clk 0:24:01]} 23. Rfxf7
{[%clk 0:23:40]} Be6 {[%clk 0:08:26]} 24. Rxh7 {[%clk 0:21:18]} Rxa2 {[%clk
0:07:05]} 25. Rhd7 {[%clk 0:05:13]} Bxd7 {[%clk 0:02:33]} 26. Qd5+ {[%clk
0:05:29]} Re6 {[%clk 0:02:44]} 27. Bxe5 {[%clk 0:00:53]} Rxe2 {[%clk 0:02:35]}
28. Bg3 {[%clk 0:01:22]} Qf8 {[%clk 0:02:20]} 29. h3 {[%clk 0:01:19]} Bc6 {[%clk
0:02:35]} 0-1